书目信息 |
| 题名: |
学会管理学会营销
|
|
| 作者: | 王丙杰 编著 | |
| 分册: | ||
| 出版信息: | 北京 北京燕山出版社 2008.10 |
|
| 页数: | 314页 | |
| 开本: | 20cm | |
| 丛书名: | ||
| 单 册: | ||
| 中图分类: | F274-49 | |
| 科图分类: | ||
| 主题词: | 企业经济 | |
| 电子资源: | ||
| ISBN: | 978-7-5402-2013-6 | |
| 000 | 00626nam0 2200217 45 | |
| 001 | 0950219296 | |
| 005 | 20091030135820.57 | |
| 010 | @a978-7-5402-2013-6@dCNY39.80 | |
| 100 | @a20090515d2008 ekmy0 y0120 ea | |
| 102 | @aCN@b130000 | |
| 102 | @aCN@b110000 | |
| 105 | @ay z 000yy | |
| 200 | 1 | @a学会管理学会营销@Axue hui guan li xue hui ying xiao@f王丙杰编著@Fwang bing jie bian zhu |
| 210 | @a北京@c北京燕山出版社@d2008.10 | |
| 215 | @a314页@d20cm | |
| 606 | 0 | @a企业经济 |
| 690 | @aF274-49@v4 | |
| 701 | 0 | @a王丙杰@Awang bing jie@4编著 |
| 801 | 0 | @aCN@c20091030 |
| 905 | @a10447@dF274-49@eW110 | |
| 906 | @d398@n3@r1 | |
| 学会管理学会营销/王丙杰编著.-北京:北京燕山出版社,2008.10 |
| 314页;20cm |
| ISBN 978-7-5402-2013-6:CNY39.80 |
| ● |
| 相关链接 |
|
|
|
正题名:学会管理学会营销
索取号:F274-49/W110
 
预约/预借
| 序号 | 登录号 | 条形码 | 馆藏地/架位号 | 状态 | 备注 |
| 1 | 657941 | 206579415 | 社科库409/409社科库 94排1列5层/ [索取号:F274-49/W110] | 在馆 | |
| 2 | 657942 | 206579424 | 社科二线422/409社科库 94排1列5层/ [索取号:F274-49/W110] | 在馆 | |
| 3 | 657943 | 206579433 | 社科库409/409社科库 94排1列5层/ [索取号:F274-49/W110] | 在馆 |